[Event "Chigorin Memorial 25th"]
[Site "St Petersburg"]
[Date "2017.10.27"]
[Round "7"]
[White "Shavykin, Oleg"]
[Black "Shilnikov, Igor S"]
[Result "1-0"]
[WhiteElo "2002"]
[BlackElo "1762"]
[PlyCount "79"]
[EventDate "2017.10.21"]
[EventType "swiss"]
[EventRounds "9"]
[EventCountry "RUS"]
[SourceTitle "CBM 181 Extra"]
[Source "ChessBase"]
[SourceDate "2017.12.12"]
[SourceVersion "1"]
[SourceVersionDate "2017.12.12"]
[SourceQuality "1"]

1. e4 e5 2. Nc3 Nf6 3. f4 d6 4. Bc4 Be7 5. Nf3 0-0 6. d3 c6 7. fxe5 Ng4 8. Bf4 dxe5 9. Bg3 Ne3 10. Qe2 Nxc4 11. dxc4 f6 12. Nd1 Bc5 13. c3 a5 14. b3 Qe7 15. Ne3 g6 16. 0-0 Be6 17. Kh1 Nd7 18. Rae1 Rad8 19. h3 Ba7 20. Bh4 Qg7 21. Nh2 Qh6 22. Qf2 Qg7 23. Qf3 Rf7 24. g4 Rdf8 25. Re2 Qh6 26. Be1 Nc5 27. Ng2 Nd7 28. Bd2 Qg7 29. Nh4 g5 30. Nf5 Bxf5 31. gxf5 Rd8 32. Qh5 Bc5 33. h4 h6 34. Ng4 Bf8 35. Rg1 Nc5 36. hxg5 hxg5 37. Nxf6+ Qxf6 38. Bxg5 Rg7 39. Bxf6 Rxg1+ 40. Kxg1 1-0

[Event "Voronezh op-B 20th"]
[Site "Voronezh"]
[Date "2016.06.13"]
[Round "2"]
[White "Shilnikov, Igor S"]
[Black "Foshenko, Kirill"]
[Result "1/2-1/2"]
[WhiteElo "1866"]
[BlackElo "1607"]
[PlyCount "81"]
[EventDate "2016.06.12"]
[EventType "swiss"]
[EventRounds "9"]
[EventCountry "RUS"]
[SourceTitle "EXT 2017"]
[Source "ChessBase"]
[SourceDate "2016.10.25"]
[SourceVersion "1"]
[SourceVersionDate "2016.10.25"]
[SourceQuality "1"]

1. d4 Nf6 2. Nf3 g6 3. c4 Bg7 4. Nc3 0-0 5. Bg5 c5 6. d5 b5 7. cxb5 d6 8. h3 a6 9. e3 h6 10. Bh4 g5 11. Bg3 Qa5 12. Nd2 axb5 13. Bxb5 Ba6 14. Nc4 Qd8 15. Bxa6 Rxa6 16. 0-0 Nbd7 17. Qe2 Qa8 18. Rfd1 Nb6 19. Nxb6 Rxb6 20. f4 Rfb8 21. Rab1 Nd7 22. Qc2 Nf6 23. b3 Nh5 24. Ne2 Rb4 25. Be1 R4b6 26. fxg5 hxg5 27. Bc3 Nf6 28. e4 Nd7 29. Bxg7 Kxg7 30. Ng3 f6 31. Nh5+ Kf7 32. e5 Nxe5 33. Qh7+ Ke8 34. Qg8+ Kd7 35. Qe6+ Kd8 36. Ng7 Qxa2 37. Nf5 Qa7 38. Qg8+ Kc7 39. Qe6 Kd8 40. Qg8+ Kc7 41. Qe6 1/2-1/2

[Event "Kstovo Kichigin Memorial op 5th"]
[Site "Kstovo"]
[Date "2015.01.19"]
[Round "4"]
[White "Shilnikov, Igor S"]
[Black "Rebrov, Viktor"]
[Result "1-0"]
[WhiteElo "1769"]
[BlackElo "1639"]
[PlyCount "85"]
[EventDate "2015.01.16"]
[EventType "swiss"]
[EventRounds "9"]
[EventCountry "RUS"]
[SourceTitle "CBM 164 Extra"]
[Source "ChessBase"]
[SourceDate "2015.03.02"]
[SourceVersion "1"]
[SourceVersionDate "2015.03.02"]
[SourceQuality "1"]

1. d4 Nf6 2. c4 g6 3. Nc3 Bg7 4. Bg5 0-0 5. e3 d6 6. Nf3 c6 7. Be2 Nbd7 8. 0-0 a6 9. a4 b6 10. h3 Bb7 11. Qc2 Re8 12. Rfd1 Qc7 13. Bf4 Rad8 14. Bh2 Qc8 15. b4 c5 16. bxc5 bxc5 17. d5 Nf8 18. Rab1 Qc7 19. Rb3 Rb8 20. Rdb1 Ba8 21. Nd2 Rxb3 22. Nxb3 Rb8 23. a5 Rb4 24. Ra1 Qb7 25. Ra3 Qd7 26. Qa2 Ne8 27. Na4 Qb7 28. f3 Nd7 29. Bg3 Qc8 30. Be1 Rb8 31. Nd2 Nef6 32. Rb3 Rxb3 33. Qxb3 Qb7 34. Bd1 Qxb3 35. Bxb3 Ne8 36. Nb1 e6 37. Nb6 Nxb6 38. axb6 Nf6 39. e4 exd5 40. cxd5 Nd7 41. Ba5 Bd4+ 42. Kf1 Bb7 43. Ba4 1-0

[Event "Chigorin Memorial 22nd"]
[Site "St Petersburg"]
[Date "2014.10.25"]
[Round "8"]
[White "Chursina, Ada"]
[Black "Shilnikov, Igor S"]
[Result "1/2-1/2"]
[WhiteElo "1583"]
[BlackElo "1839"]
[PlyCount "83"]
[EventDate "2014.10.18"]
[EventType "swiss"]
[EventRounds "9"]
[EventCountry "RUS"]
[SourceTitle "EXT 2015"]
[Source "ChessBase"]
[SourceDate "2014.11.20"]
[SourceVersion "1"]
[SourceVersionDate "2014.11.20"]
[SourceQuality "1"]

1. d4 Nf6 2. c4 g6 3. Nc3 c5 4. Nf3 Bg7 5. Bf4 a6 6. e3 0-0 7. Be2 Qa5 8. 0-0 d6 9. Qc2 Nh5 10. Nd5 Qd8 11. dxc5 Nxf4 12. Nxf4 dxc5 13. Rfd1 Qa5 14. Qd2 Qxd2 15. Rxd2 Nc6 16. Rad1 e5 17. Nd5 h6 18. Nb6 Rb8 19. b3 Re8 20. Nxc8 Rexc8 21. Ne1 e4 22. f3 Bc3 23. Rc2 Bf6 24. fxe4 Bg5 25. Kf2 Re8 26. Bf3 f5 27. exf5 Bxe3+ 28. Kf1 Nd4 29. Rc3 Nxf5 30. Nc2 Bd4 31. Rcd3 b6 32. g4 Ne3+ 33. Nxe3 Rxe3 34. Rxe3 Bxe3 35. h3 Bd4 36. Re1 Rf8 37. Kg2 Rf6 38. Re2 Kf8 39. Re1 b5 40. Re2 b4 41. Bd5 a5 42. Bf3 1/2-1/2

[Event "Nizhnij Novgorod-ch"]
[Site "Nizhnij Novgorod"]
[Date "2014.??.??"]
[Round "4"]
[White "Shilnikov, Igor S"]
[Black "Ryabikin, Viktor"]
[Result "0-1"]
[WhiteElo "1769"]
[BlackElo "1871"]
[PlyCount "112"]
[EventDate "2014.03.??"]
[EventType "swiss"]
[EventRounds "9"]
[EventCountry "RUS"]
[SourceTitle "EXT 2016"]
[Source "ChessBase"]
[SourceDate "2015.10.08"]
[SourceVersion "1"]
[SourceVersionDate "2015.10.08"]
[SourceQuality "1"]

1. d4 c6 2. Nf3 d6 3. c4 Qc7 4. Nc3 Bg4 5. h3 Bh5 6. d5 Nd7 7. e4 Bxf3 8. Qxf3 g6 9. Be2 Bg7 10. Bd2 a5 11. 0-0 Ngf6 12. g4 0-0 13. Qg3 Nc5 14. Qe3 Nfd7 15. f4 Qb6 16. Rab1 Rae8 17. Kg2 Qc7 18. Bf3 e6 19. dxc6 bxc6 20. b3 f5 21. a3 fxe4 22. Nxe4 Nxe4 23. Qxe4 d5 24. Qc2 Qb6 25. b4 axb4 26. axb4 Qd4 27. c5 e5 28. Bc3 Qc4 29. Be2 Qe4+ 30. Qxe4 dxe4 31. Bc4+ Kh8 32. f5 gxf5 33. gxf5 Nf6 34. Rbd1 Nh5 35. Bd2 Rb8 36. Rb1 Rfd8 37. Be3 Bf6 38. b5 cxb5 39. Rxb5 Rxb5 40. Bxb5 Rg8+ 41. Kh2 Rb8 42. c6 Bd8 43. Rb1 Bc7 44. Rb2 Nf4 45. Ba7 Ra8 46. Bc5 Nd3 47. Be7 Nxb2 48. Be2 Bd8 49. Bd6 Bf6 50. c7 Nd3 51. Bd1 e3 52. Bf3 Ra2+ 53. Kg3 Rc2 54. Be2 Nf4 55. Ba6 e2 56. Bb4 Rxc7 0-1

[Event "Nizhnij Novgorod Region-ch"]
[Site "Nizhnij Novgorod"]
[Date "2013.10.19"]
[Round "3"]
[White "Sakulo, Denis"]
[Black "Shilnikov, Igor S"]
[Result "1-0"]
[WhiteElo "1941"]
[BlackElo "1818"]
[PlyCount "55"]
[EventDate "2013.10.19"]
[EventType "swiss"]
[EventRounds "9"]
[EventCountry "RUS"]
[SourceTitle "EXT 2022"]
[Source "ChessBase"]
[SourceDate "2021.10.06"]
[SourceVersion "1"]
[SourceVersionDate "2021.10.06"]
[SourceQuality "1"]

1. d4 Nf6 2. Nf3 g6 3. Bf4 Bg7 4. e3 d6 5. h3 0-0 6. Be2 Ne4 7. 0-0 h6 8. Qd3 f5 9. Nbd2 c6 10. Bh2 g5 11. c4 Na6 12. Rab1 Nc7 13. b4 a6 14. Rbc1 Ne8 15. h4 g4 16. Ne1 N8f6 17. f3 Nxd2 18. Qxd2 h5 19. Nd3 Qe8 20. Rce1 Qg6 21. Nf4 Qf7 22. c5 d5 23. Nd3 Qe8 24. Ne5 Nd7 25. Nd3 e5 26. fxg4 hxg4 27. Bd1 Qe7 28. Bg3 1-0

[Event "Nizhnij Novgorod Region-ch"]
[Site "Nizhnij Novgorod"]
[Date "2013.10.19"]
[Round "4"]
[White "Shilnikov, Igor S"]
[Black "Vardanyan, Tigran"]
[Result "0-1"]
[WhiteElo "1818"]
[BlackElo "1679"]
[PlyCount "73"]
[EventDate "2013.10.19"]
[EventType "swiss"]
[EventRounds "9"]
[EventCountry "RUS"]
[SourceTitle "EXT 2022"]
[Source "ChessBase"]
[SourceDate "2021.10.06"]
[SourceVersion "1"]
[SourceVersionDate "2021.10.06"]
[SourceQuality "1"]

1. Nf3 Nf6 2. b3 b6 3. Bb2 Bb7 4. e3 e6 5. Be2 Be7 6. a3 Nc6 7. d3 0-0 8. Nbd2 d5 9. h3 Re8 10. g4 Nd7 11. c3 Bd6 12. Qc2 Nde5 13. 0-0-0 Qe7 14. a4 a6 15. d4 Nxf3 16. Nxf3 b5 17. Bd3 bxa4 18. bxa4 Qf6 19. Qe2 e5 20. g5 Qe7 21. dxe5 Nxe5 22. Nxe5 Bxe5 23. Rhg1 Bc6 24. Bc2 Rab8 25. Qd3 g6 26. Rg4 Rb7 27. Ba1 Reb8 28. Kd2 a5 29. f4 Bg7 30. f5 Qc5 31. f6 Bf8 32. h4 Bd7 33. Rf4 Bd6 34. Rff1 Bg4 35. Rc1 Bh5 36. Bd1 Qc4 37. Bxh5 0-1

[Event "Nizhnij Novgorod Region-ch"]
[Site "Nizhnij Novgorod"]
[Date "2013.10.19"]
[Round "2"]
[White "Shilnikov, Igor S"]
[Black "Vorobiov, Dmitry"]
[Result "1-0"]
[WhiteElo "1818"]
[BlackElo "2116"]
[PlyCount "111"]
[EventDate "2013.10.19"]
[EventType "swiss"]
[EventRounds "9"]
[EventCountry "RUS"]
[SourceTitle "EXT 2022"]
[Source "ChessBase"]
[SourceDate "2021.10.06"]
[SourceVersion "1"]
[SourceVersionDate "2021.10.06"]
[SourceQuality "1"]

1. b3 c5 2. Bb2 Nc6 3. e3 Nf6 4. d3 e5 5. Nd2 d5 6. Be2 Bd6 7. a3 0-0 8. g4 Qe7 9. g5 Nd7 10. Bf3 d4 11. Ne4 dxe3 12. fxe3 f5 13. Nxd6 Qxd6 14. Qe2 Nb6 15. 0-0-0 Bd7 16. Qg2 a5 17. Ne2 a4 18. Nc3 Be6 19. Nb5 Qd7 20. c4 axb3 21. Nc3 Kh8 22. h4 Na4 23. Nxa4 Rxa4 24. h5 Rfa8 25. h6 Bxc4 26. dxc4 Rxc4+ 27. Kb1 Nd4 28. exd4 cxd4 29. hxg7+ Qxg7 30. g6 Rc2 31. Rxh7+ Qxh7 32. gxh7 Rxg2 33. Bxg2 Kxh7 34. Bxb7 Rb8 35. Bd5 Kg6 36. Rg1+ Kf6 37. Rg3 Rd8 38. Bxb3 f4 39. Rf3 Kf5 40. Bc1 d3 41. Bd2 Ke4 42. Bd1 Rb8+ 43. Ka2 Rg8 44. Rf2 Rg1 45. Bf3+ Kd4 46. Bg2 Rd1 47. Ba5 Rc1 48. Kb2 Rc8 49. Bb6+ Kc4 50. Ka2 Kc3 51. Ba5+ Kd4 52. Rb2 Rc4 53. Kb3 Kc5 54. Bb6+ Kb5 55. Ka2+ Ka4 56. Bc6+ 1-0

[Event "Kstovo op"]
[Site "Kstovo"]
[Date "2011.09.06"]
[Round "6"]
[White "Rebrov, Viktor"]
[Black "Shilnikov, Igor S"]
[Result "1-0"]
[WhiteElo "1775"]
[BlackElo "1865"]
[PlyCount "51"]
[EventDate "2011.09.03"]
[EventType "swiss"]
[EventRounds "9"]
[EventCountry "RUS"]
[SourceTitle "EXT 2014"]
[Source "ChessBase"]
[SourceDate "2013.11.20"]
[SourceVersion "1"]
[SourceVersionDate "2013.11.20"]
[SourceQuality "1"]

1. d4 Nf6 2. Nf3 c6 3. e3 d6 4. Bd3 e5 5. Nbd2 Qc7 6. b3 Bg4 7. Bb2 Nbd7 8. h3 Bh5 9. Qe2 Be7 10. Qf1 Bg6 11. e4 Nh5 12. g3 0-0 13. dxe5 dxe5 14. Qe2 Rae8 15. 0-0 Kh8 16. Nc4 f6 17. Nh4 Bf7 18. Nf5 Bc5 19. Kg2 g6 20. Nfe3 Kg8 21. Rad1 f5 22. Nd2 f4 23. Ng4 Be6 24. Bc4 b5 25. Bxe6+ Rxe6 26. Nf3 1-0

[Event "Nizhnij Novgorod Cup of Nadezhda"]
[Site "Nizhnij Novgorod"]
[Date "2011.08.08"]
[Round "?"]
[White "Baryshnikova, Natalija"]
[Black "Shilnikov, Igor S"]
[Result "1-0"]
[WhiteElo "1709"]
[BlackElo "1901"]
[PlyCount "47"]
[EventDate "2011.08.08"]
[EventType "swiss"]
[EventRounds "8"]
[EventCountry "RUS"]
[SourceTitle "EXT 2022"]
[Source "ChessBase"]
[SourceDate "2021.10.06"]
[SourceVersion "1"]
[SourceVersionDate "2021.10.06"]
[SourceQuality "1"]

1. Nf3 Nf6 2. g3 d5 3. Bg2 c5 4. 0-0 Nc6 5. d3 e5 6. Nbd2 h6 7. e4 dxe4 8. Nxe4 Nxe4 9. dxe4 Qc7 10. c3 Bg4 11. Qc2 Be7 12. Be3 0-0 13. Rad1 Be6 14. b3 b6 15. Rd2 a5 16. Rfd1 f5 17. exf5 Bxf5 18. Qb2 Bg4 19. Qc2 Rad8 20. Rxd8 Bxd8 21. Qe4 Bf5 22. Qd5+ Kh8 23. Qd6 Qc8 24. Qxf8+ 1-0

[Event "Kstovo Chess Hopes op"]
[Site "Kstovo"]
[Date "2011.06.23"]
[Round "5"]
[White "Shilnikov, Igor S"]
[Black "Vlasov, Vladimir1111"]
[Result "1-0"]
[WhiteElo "1901"]
[BlackElo "1598"]
[PlyCount "73"]
[EventDate "2011.06.18"]
[EventType "swiss"]
[EventRounds "9"]
[EventCountry "RUS"]
[SourceTitle "EXT 2012"]
[Source "ChessBase"]
[SourceDate "2011.11.24"]
[SourceVersion "1"]
[SourceVersionDate "2011.11.24"]
[SourceQuality "1"]

1. d4 Nf6 2. Nf3 g6 3. Nbd2 d5 4. e3 Bg7 5. Bd3 0-0 6. 0-0 c5 7. c3 Nc6 8. h3 Qc7 9. Re1 b6 10. b3 Bb7 11. Ba3 Nd7 12. Rc1 Rfe8 13. e4 e6 14. e5 Rac8 15. b4 c4 16. Bc2 b5 17. Ra1 a6 18. Bc1 Ne7 19. Nf1 Ra8 20. a4 Bc6 21. a5 Bb7 22. Bg5 Nc6 23. Qd2 f6 24. exf6 Nxf6 25. Bf4 Qf7 26. Ng5 Qd7 27. Nf3 Rf8 28. N1h2 Rf7 29. Ng5 Re7 30. Ngf3 Rf7 31. Re2 Raf8 32. Bh6 Bxh6 33. Qxh6 Re7 34. Rae1 Rfe8 35. Bxg6 hxg6 36. Qxg6+ Rg7 37. Qxf6 1-0

[Event "Kstovo Chess Hopes op"]
[Site "Kstovo"]
[Date "2011.06.21"]
[Round "4"]
[White "Belitzky, Dmitri G"]
[Black "Shilnikov, Igor S"]
[Result "1-0"]
[WhiteElo "2003"]
[BlackElo "1901"]
[PlyCount "43"]
[EventDate "2011.06.18"]
[EventType "swiss"]
[EventRounds "9"]
[EventCountry "RUS"]
[SourceTitle "EXT 2012"]
[Source "ChessBase"]
[SourceDate "2011.11.24"]
[SourceVersion "1"]
[SourceVersionDate "2011.11.24"]
[SourceQuality "1"]

1. e4 e5 2. Nf3 Nc6 3. c3 d5 4. Qa4 Qd6 5. Bb5 Bd7 6. exd5 Qxd5 7. 0-0 Be7 8. Re1 Nf6 9. c4 Qc5 10. d3 Nd4 11. Bxd7+ Nxd7 12. Nxe5 c6 13. Nxd7 Kxd7 14. Be3 Qb4 15. Qd1 Ne6 16. Nd2 f5 17. Nb3 Bf6 18. Qf3 g6 19. Bd2 Qb6 20. Bc3 Ng5 21. Qd1 Raf8 22. a3 1-0